Najwyższe wieżowce w Polsce - Statystyki

Ogólne statystyki
  • Ten quiz został rozwiązany 117 razy
    71 od ostatniego zresetowania
  • Średni wynik to 8 z 20
Statystyki odpowiedzi
Miasto Wysokość w metrach Wieżowiec % Poprawnych
Warszawa 310 Varso Tower
96%
Warszawa 237 Pałac Kultury i Nauki
94%
Wrocław 212 Sky Tower
79%
Warszawa 220 Warsaw Spire
69%
Rzeszów 220 Olszynki Park
67%
Warszawa 192 Złota 44
58%
Gdańsk 180 Olivia Star
48%
Warszawa 195 Q22
44%
Warszawa 202 Warsaw Unit
38%
Warszawa 195 Skyliner
35%
Warszawa 208 Warsaw Trade Tower
33%
Warszawa 192 Rondo 1
29%
Gdynia 142 Sea Towers
29%
Warszawa 160 Cosmopolitan
19%
Warszawa 170 Centrum LIM
17%
Warszawa 164 InterContinental Warszawa
12%
Warszawa 165 Warsaw Financial Center
12%
Warszawa 150 Chałubińskiego 8
10%
Warszawa 140 Generation Park
8%
Warszawa 141 Mennica Legacy Tower
8%
Nie znaleziono quizów pasujących do podanych kryteriów
Rozkład punktacji
Procent ludzi z każdym wynikiem
Percentyl według liczby udzielonych odpowiedzi
Twoja historia wyników
Nie rozwiązałeś tego quizu od ostatniego zresetowania